[Event "Cappelle Online Blitz op"]
[Site "Europe Echecs INT"]
[Date "2021.03.07"]
[Round "6"]
[White "Merstorf, Denis"]
[Black "Alfano, Emilie"]
[Result "1/2-1/2"]
[WhiteElo "1927"]
[BlackElo "1621"]
[PlyCount "120"]
[EventDate "2021.03.07"]
[EventType "swiss (blitz)"]
[EventRounds "11"]
[EventCountry "FRA"]
[SourceTitle "CBM 201 Extra"]
[Source "ChessBase"]
[SourceDate "2021.05.31"]
[SourceVersion "1"]
[SourceVersionDate "2021.05.31"]
[SourceQuality "1"]

1. d4 d5 2. c4 e6 3. Nc3 Nf6 4. cxd5 exd5 5. Bg5 c6 6. Qc2 Be7 7. e3 0-0 8. Bd3 Nbd7 9. Nf3 Nb6 10. 0-0 h6 11. Bh4 Be6 12. Rab1 a5 13. Ne5 Qc7 14. a3 a4 15. h3 Rfe8 16. f4 Bd7 17. Qe2 Nh7 18. Bxe7 Rxe7 19. Bc2 Nf6 20. g4 Ne8 21. Qd3 g6 22. Nxg6 fxg6 23. Qxg6+ Rg7 24. Qxh6 Qd6 25. Qh5 Nf6 26. Qh6 Qe7 27. Rbe1 Nxg4 28. hxg4 Rxg4+ 29. Kf2 Nc4 30. Rg1 Rxg1 31. Rxg1+ Kf7 32. Rg7+ Ke8 33. Rxe7+ Kxe7 34. Qh7+ Kd8 35. Qh4+ Kc7 36. Qg5 Nxb2 37. Qg3 Nc4 38. f5+ Kc8 39. Bd3 Kd8 40. Bxc4 dxc4 41. Qe5 Kc8 42. Qh8+ Kc7 43. Qxa8 Kd6 44. Qxa4 c5 45. Qa7 cxd4 46. Qb8+ Ke7 47. exd4 Bxf5 48. Qe5+ Be6 49. Qf5 Bxf5 50. Ke3 Kd6 51. Kf4 Bd3 52. Ne4+ Kd5 53. Nc5 b6 54. Nxd3 cxd3 55. Ke3 d2 56. Kxd2 Kxd4 57. Kc2 Kc4 58. Kb2 b5 59. Kc2 b4 60. axb4 Kxb4 1/2-1/2

[Event "Wch FIDE Online U10 Girls"]
[Site "Tornelo INT"]
[Date "2020.12.19"]
[Round "1.1"]
[White "Alfano, Emilie"]
[Black "Ramazzotte, Esther Zilli"]
[Result "1-0"]
[WhiteElo "1621"]
[BlackElo "1155"]
[PlyCount "105"]
[EventDate "2020.12.19"]
[EventType "k.o. (rapid)"]
[EventRounds "4"]
[EventCountry "ISS"]
[SourceTitle "EXT 2022"]
[Source "ChessBase"]
[SourceDate "2021.10.06"]
[SourceVersion "1"]
[SourceVersionDate "2021.10.06"]
[SourceQuality "1"]

1. e4 c6 2. Nc3 d5 3. Nf3 dxe4 4. Nxe4 Nd7 5. d4 Ngf6 6. Bd3 Nxe4 7. Bxe4 Nf6 8. Bd3 Bg4 9. Be2 e6 10. 0-0 Bd6 11. Bg5 0-0 12. Ne5 Bxe2 13. Qxe2 h6 14. Bh4 Be7 15. c3 Nd5 16. Bxe7 Qxe7 17. Rad1 Qg5 18. Qf3 Qf6 19. Qxf6 Nxf6 20. Rfe1 Rfc8 21. Re3 Nd5 22. Rf3 Nf6 23. Kf1 Rd8 24. Rfd3 Kf8 25. Ke2 Rac8 26. f4 a5 27. Nc4 Ra8 28. g3 b5 29. Ne5 Rac8 30. Ra1 Nd5 31. a4 b4 32. c4 Nb6 33. b3 f6 34. Nf3 Kf7 35. Rad1 Re8 36. Re3 Rcd8 37. Re1 Re7 38. Kf2 g6 39. g4 Rde8 40. Nh4 g5 41. fxg5 hxg5 42. Ng2 Rh8 43. h3 Rd8 44. Rd3 e5 45. Red1 e4 46. Re3 Kg6 47. h4 gxh4 48. Nxh4+ Kg5 49. Nf5 Re6 50. Rg1 Rh8 51. Kg3 Ree8 52. Nd6 Re6 53. Nf7+ 1-0

[Event "Wch FIDE Online U10 Girls Europe qual"]
[Site "Tornelo INT"]
[Date "2020.12.08"]
[Round "5"]
[White "Alfano, Emilie"]
[Black "Preobrazhenskaya, Diana"]
[Result "0-1"]
[WhiteElo "1318"]
[BlackElo "1498"]
[PlyCount "58"]
[EventDate "2020.12.07"]
[EventType "swiss (rapid)"]
[EventRounds "7"]
[EventCountry "ISS"]
[SourceTitle "EXT 2022"]
[Source "ChessBase"]
[SourceDate "2021.10.06"]
[SourceVersion "1"]
[SourceVersionDate "2021.10.06"]
[SourceQuality "1"]

1. e4 e5 2. Nf3 Nc6 3. Bc4 Nf6 4. d3 Bc5 5. c3 d6 6. a4 a5 7. 0-0 0-0 8. Nbd2 Bb6 9. Re1 Be6 10. Bxe6 fxe6 11. Nf1 d5 12. exd5 exd5 13. Nxe5 Bxf2+ 14. Kxf2 Nxe5 15. Kg1 Nfg4 16. d4 Qh4 17. h3 Nf3+ 18. gxf3 Qf2+ 19. Kh1 Rxf3 20. Qxf3 Qxf3+ 21. Kg1 Qf2+ 22. Kh1 Qxe1 23. hxg4 Qxf1+ 24. Kh2 Rf8 25. b4 Rf2+ 26. Kg3 Qg1+ 27. Kh4 Qh2+ 28. Kg5 h6+ 29. Kg6 Rf6# 0-1

[Event "Wch FIDE Online U10 Girls Europe qual"]
[Site "Tornelo INT"]
[Date "2020.12.07"]
[Round "2"]
[White "Aslan, Rengin"]
[Black "Alfano, Emilie"]
[Result "0-1"]
[WhiteElo "1297"]
[BlackElo "1318"]
[PlyCount "90"]
[EventDate "2020.12.07"]
[EventType "swiss (rapid)"]
[EventRounds "7"]
[EventCountry "ISS"]
[SourceTitle "EXT 2022"]
[Source "ChessBase"]
[SourceDate "2021.10.06"]
[SourceVersion "1"]
[SourceVersionDate "2021.10.06"]
[SourceQuality "1"]

1. e4 e5 2. Nf3 Nc6 3. Bb5 a6 4. Bxc6 dxc6 5. d3 f6 6. Nbd2 Bc5 7. Nf1 Ne7 8. Ng3 Ng6 9. 0-0 0-0 10. Be3 Bb6 11. c3 c5 12. h3 Be6 13. Qd2 Qd7 14. Rfd1 Rad8 15. d4 cxd4 16. cxd4 exd4 17. Nxd4 Bxd4 18. Qxd4 Qxd4 19. Rxd4 Rxd4 20. Bxd4 Rd8 21. Bc3 Kf7 22. f3 Nf4 23. Nf5 Bxf5 24. exf5 Ne2+ 25. Kf2 Nxc3 26. bxc3 Rd3 27. Rb1 b6 28. Rc1 Rd2+ 29. Kf1 Rxa2 30. Rd1 Ke7 31. Re1+ Kd6 32. Re6+ Kd7 33. g4 Rh2 34. Re2 Rxe2 35. Kxe2 Kd6 36. Kd3 Ke5 37. Ke3 a5 38. f4+ Kd5 39. Kd3 b5 40. g5 fxg5 41. fxg5 Ke5 42. c4 bxc4+ 43. Kxc4 Kxf5 44. Kb5 Kxg5 45. Kxa5 Kh4 0-1